LIBRARY & INFORMATION CENTRE, KCAET, TAVANUR

ONLINE PUBLIC ACCESS CATALOGUE (OPAC)

Principles of geographical information systems / (Record no. 13730)

MARC details
000 -LEADER
fixed length control field 00619cam a2200193 a 4500
020 ## - INTERNATIONAL STANDARD BOOK NUMBER
ISBN 0198233655
020 ## - INTERNATIONAL STANDARD BOOK NUMBER
ISBN 0198233663
020 ## - INTERNATIONAL STANDARD BOOK NUMBER
ISBN 9780199228621
082 00 - DEWEY DECIMAL CLASSIFICATION NUMBER
Classification number 550.006
Item number BUR/PR
100 1# - MAIN ENTRY--AUTHOR NAME
Personal name Burrough, P. A.
245 10 - TITLE STATEMENT
Title Principles of geographical information systems /
260 ## - PUBLICATION, DISTRIBUTION, ETC. (IMPRINT)
Place of publication Oxford ;
-- New York :
Name of publisher Oxford University Press,
Year of publication 1998.
300 ## - PHYSICAL DESCRIPTION
Number of Pages xiii, 333 p. :
Other physical details ill. ;
500 ## - GENERAL NOTE
General note Rev. ed. of: Principles of geographical information systems for land resources assessment.
650 #0 - SUBJECT ADDED ENTRY--TOPICAL TERM
Topical Term Geographic information systems.
700 1# - ADDED ENTRY--PERSONAL NAME
Personal name McDonnell, Rachael.
700 1# - ADDED ENTRY--PERSONAL NAME
Personal name Burrough, P. A.
942 ## - ADDED ENTRY ELEMENTS (KOHA)
Koha item type Books
Holdings
Withdrawn status Lost status Damaged status Collection code Home library Current library Shelving location Date acquired Source of acquisition Cost, normal purchase price Full call number Accession Number Koha item type
      Non-fiction KAUAET KAUAET General Stacks 31/03/2012 Dreamtech, Thiruvananthapuram 455.00 550.006 BUR/PR 23118 Books
      Non-fiction KAUAET KAUAET General Stacks 31/03/2012 Dreamtech, Thiruvananthapuram 455.00 550.006 BUR/PR 23119 Books
      Non-fiction KAUAET KAUAET General Stacks 31/03/2012 Dreamtech, Thiruvananthapuram 455.00 550.006 BUR/PR 23120 Books
      Non-fiction KAUAET KAUAET General Stacks 31/03/2012 Dreamtech, Thiruvananthapuram 455.00 550.006 BUR/PR 23121 Books
      Non-fiction KAUAET KAUAET General Stacks 31/03/2012 Dreamtech, Thiruvananthapuram 455.00 550.006 BUR/PR 23122 Books
free website counter